| 000 | 00885nam a22002777a 4500 | ||
|---|---|---|---|
| 001 | 21825431 | ||
| 003 | OSt | ||
| 005 | 20240703072306.0 | ||
| 008 | 240703b |||||||| |||| 00| 0 eng d | ||
| 010 | _a 2020951156 | ||
| 020 |
_a9780128189696 _q(hardback) |
||
| 040 |
_aKMU _beng _erda _cKMU _dKMU |
||
| 042 | _apcc | ||
| 050 | _aQL737.C424 | ||
| 245 | 0 | 4 |
_aThe bowhead whale / _cEdited by J.C George and J.G.M Thewissen _bBalaena mysticetus: Biology and Human Interactions. |
| 264 | 1 |
_aLondon: _bAcademic Press, _c2021. |
|
| 300 |
_axxiii, 641p.: _bill, some col. _c25 cm. |
||
| 336 |
_atext _btxt _2rdacontent |
||
| 337 |
_aunmediated _bn _2rdamedia |
||
| 338 |
_avolume _bnc _2rdacarrier |
||
| 504 | _aIncludes bibliographical references and an index. | ||
| 700 | 1 |
_aJ.G.M Thewissen. _eeditor. |
|
| 700 | 1 |
_aGeorge J.C. _eeditor. |
|
| 942 |
_2lcc _cBK _n0 |
||
| 999 |
_c1360 _d1360 |
||